Tropical dairy farming : feeding management for small holder dairy farmers in the humid tropics

Main Author: Moran, John (Author)
Published: Collingwood, VIC, Australia: Land Links, 2005.
Subjects:
LEADER 01036cam a2200265 7i4500
001 0000048826
005 20210629090000.0
008 210629s2005 at a ### #00001eng##
020 # # |a 0643091238  
020 # # |a 9780643091238  
040 # # |a UMT 
090 0 0 |a SF 233 .S64   |b M6 2005 
100 1 # |a Moran, John   |e author  
245 1 0 |a Tropical dairy farming :   |b feeding management for small holder dairy farmers in the humid tropics   |c John Moran. 
264 # 1 |a Collingwood, VIC, Australia:   |b Land Links,   |c 2005. 
300 # # |a xv, 295 pages:   |b illustrations;   |c 25 cm. 
336 # # |a text  |2 rdacontent 
337 # # |a unmediated  |2 rdamedia 
338 # # |a volume  |2 rdacarrier 
504 # # |a Includes bibliographical references and index  
590 # # |a Perpustakaan Sultanah Nur Zahirah 
650 0 0 |a Dairy cattle --   |x Feeding and feeds --   |z Southeast Asia  
650 0 0 |a Dairy farming --   |x Handbooks, manuals, etc --   |z Southeast Asia  
650 0 0 |a Dairy farms --   |x Management --   |z Southeast Asia  
999 |a 1100040705  |b Book  |c Open Shelf  |e KOLEKSI TERBUKA